Nulidad de matrimonio : (Record n. 12406)

Dettagli MARC
000 -LEADER
fixed length control field 00775nam a2200229 i 4500
003 - CONTROL NUMBER IDENTIFIER
control field IT-RoINE
005 - DATE AND TIME OF LATEST TRANSACTION
control field 20190619083723.0
008 - FIXED-LENGTH DATA ELEMENTS--GENERAL INFORMATION
fixed length control field 900514s1981 sp | ||| ||spa d
020 ## - INTERNATIONAL STANDARD BOOK NUMBER
International Standard Book Number 8472990855
040 ## - CATALOGING SOURCE
Original cataloging agency IBH
Language of cataloging spa
Transcribing agency SpMaBN
Modifying agency IT-RoINE
100 1# - MAIN ENTRY--PERSONAL NAME
Personal name Serrano Ruiz, José María
9 (RLIN) 25247
245 10 - TITLE STATEMENT
Title Nulidad de matrimonio :
Remainder of title coram Serrano /
Statement of responsibility, etc José María Serrano Ruiz.
260 ## - PUBLICATION, DISTRIBUTION, ETC. (IMPRINT)
Place of publication, distribution, etc Salamanca :
Name of publisher, distributor, etc Universidad Pontificia,
Date of publication, distribution, etc 1981.
300 ## - PHYSICAL DESCRIPTION
Extent 334 p. ;
Dimensions 24 cm.
336 ## - CONTENT TYPE
Source rdacontent
Content type term text
337 ## - MEDIA TYPE
Source rdamedia
Media type term unmediated
338 ## - CARRIER TYPE
Source rdacarrier
Carrier type term volume
490 0# - SERIES STATEMENT
Series statement Bibliotheca Salmanticensis.
-- Estudios ;
Volume number/sequential designation 43
650 #4 - SUBJECT ADDED ENTRY--TOPICAL TERM
9 (RLIN) 25248
Topical term or geographic name as entry element Matrimonio (Derecho canónico)
General subdivision Anulación
830 #0 - SERIES ADDED ENTRY--UNIFORM TITLE
9 (RLIN) 3087
Uniform title Bibliotheca Salmanticensis.
Name of part/section of a work Estudios ;
Volume number/sequential designation 43
942 ## - ADDED ENTRY ELEMENTS (KOHA)
Item type Monografías
Dati di copia
Withdrawn status Lost status Damaged status Not for loan Home library Current library Date acquired Total Checkouts Full call number Barcode Date last seen Price effective from Koha item type
        Iglesia Nacional Española en Roma Iglesia Nacional Española en Roma 12/07/2016   COL.A 40.43 27831 12/07/2016 12/07/2016 Monografías